PDC World Darts Championships - Quarter Finalists since 2010 - Statistics

General Stats
  • This quiz has been taken 110 times
    99 since last reset
  • The average score is 27 of 38
Answer Stats
Nationality Years Player % Correct
Scotland 2011, 2012, 2015, 2016, 2017, 2018, 2019, 2021 Gary Anderson
100%
Netherlands 2013, 2014, 2015, 2017, 2018, 2019, 2020, 2021 Michael Van Gerwen
100%
Wales 2020, 2021 Gerwyn Price
99%
Scotland 2014, 2015, 2016, 2017, 2020 Peter Wright
99%
Netherlands 2010, 2011, 2013, 2015, 2016, 2017, 2018 Raymond Van Barneveld
99%
England 2010, 2011, 2013, 2015, 2017, 2018 Phil Taylor
96%
Australia 2010, 2012, 2013, 2014 Simon Whitlock
95%
England 2010, 2011, 2012, 2013, 2014, 2016 Adrian Lewis
93%
Northern Ireland 2017, 2021 Daryl Gurney
92%
Wales 2018 Jamie Lewis
92%
England 2018 Rob Cross
90%
England 2016, 2019 Michael Smith
87%
Belgium 2018, 2020 Dimitri Van den Bergh
86%
Canada 2012 John Part
86%
England 2010, 2012, 2013, 2014, 2017 James Wade
85%
Belgium 2012 Kim Huybrechts
81%
Poland 2021 Krzysztof Ratajski
81%
Northern Ireland 2019 Brendan Dolan
79%
Lithuania 2020 Darius Labanauskas
76%
England 2019, 2020 Nathan Aspinall
75%
England 2017, 2019, 2021 Dave Chisnall
73%
Netherlands 2016 Jelle Klaasen
67%
England 2019, 2020 Luke Humphries
67%
Scotland 2015 Robert Thornton
65%
England 2015, 2021 Stephen Bunting
65%
Wales 2010, 2011, 2014 Mark Webster
63%
England 2018 Darren Webster
62%
England 2012, 2013 Andy Hamilton
58%
Netherlands 2021 Dirk van Duijvenbode
57%
Netherlands 2011, 2015 Vincent van der Voort
56%
Netherlands 2010 Co Stompé
48%
England 2014, 2016 Ian White
46%
England 2011, 2013, 2014 Wes Newton
43%
England 2011, 2012 Terry Jenkins
40%
England 2020 Glen Durrant
36%
England 2016 Alan Norris
29%
England 2019 Ryan Joyce
27%
England 2010 Ronnie Baxter
17%
No matching quizzes found
Score Distribution
Percent of People with Each Score
Percentile by Number Answered
Your Score History
You have not taken this quiz since the last reset